000
00318 a2200145 4500
001
151254
040
_c
Escola São Tomás de Aquino
100
_a
MACHADO, Ana Maria
240
1
0
_a
Jeca, o tatu
_l
por
245
1
0
_a
Jeca, o tatu
362
0
_a
2004
440
1
_a
Ática
697
_a
*LITERATURA INFANTO
942
_c
BK
999
_c
151254
_d
151254